000 00776nam a22002777a 4500
001 0074
003 DO-SdBNP
005 20180323150246.0
007 0074
008 151021b dr 2006 xxu||||| |||| 00| 0 spa d
020 _a9993476617
040 _aBPMSU
_bspa
_cBPMSU
082 4 _a923.27293
_bP349s, 2006
092 _a
100 1 0 _aSantana, Osvaldo
245 1 0 _aPeña Gómez :
_bsus origenes /
_cOsvaldo Santana
250 _a2a ed.
260 _aSanto Domingo :
_bTobogan,
_c2006
300 _a100 p. :
_bil.,
_c21 cm.
490 1 0 _aBiografías Dominicanas Tobogán
600 _aPEÑA GÓMEZ, JOSÉ FRANCISCO,
_d1937-2006
830 0 0 _aBiografías Dominicanas Tobogán
942 _2ddc
_cBK
945 _aRemanejado para la BNPHU / VM
956 _aBTAVAREZ
999 _c8416
_d8416